000 00427nam a2200181Ia 4500
001 1337
005 20260306143721.0
008 260306t1998||||xx |||||||||||||| ||spa||
041 _aESP
082 _a194
_bR53
100 _aRicoeur, Paul
_eAUT
245 0 _aPer un etica dell alterita:
_bsei colloqui
260 _c1998
300 _a174 páginas :
_c21 cm.
650 _aGEN
654 _aCHU
942 _cLIB
_dJUS
_fJUS
_2ddc
_n
999 _c1337
_d1337